| 000 | 00789nam a2200253 a 4500 | ||
|---|---|---|---|
| 003 | MX-MxUPN | ||
| 005 | 20240208063704.0 | ||
| 008 | 230619t2019 mx |||||r|||| 000 0 spa d | ||
| 020 | _a9786077477297 | ||
| 040 |
_aMX-MxUPN _bspa _cMX-MxUPN |
||
| 041 | 1 |
_aspa _hita |
|
| 050 | 1 | 4 |
_aPN197 _bS47 2019 |
| 100 | 1 |
_aSerafini, Maria Teresa _950962 |
|
| 245 | 1 | 0 |
_aCómo redactar un tema : _bpiensa, planifica y escribe |
| 250 | _aPrimer edición impresa en México. | ||
| 260 |
_aCiudad de México : _bPaidós, _c©2019 |
||
| 300 | _a285 páginas | ||
| 500 | _aTraducción de: Come si fa un tema in clase. | ||
| 500 | _aReposición | ||
| 650 | 4 |
_aRedacción _91538 |
|
| 650 | 4 |
_aEscritura creativa _912783 |
|
| 902 |
_aMarisolLicea/190623 _bVíctor Ruiz/070224 |
||
| 942 |
_2lcc _cLIBRO |
||
| 999 |
_c209843 _d209843 |
||